000 00645nam a2200193 i 4500
001 182762
003 ES-MaACL
005 20250915063105.0
007 t|
008 131030s1987 sp ||||1| spa d
100 1 _aMartínez Val, José María,
_d1916-
_978455
245 1 3 _aEl excesivo formalismo en la casación civil /
_cpor José María Martínez Val.
260 _aValencia :
_bRevista General de Derecho,
_c1987.
300 _aP.[749]-757 ;
_c24 cm.
500 _aSeparata de: Revista General de Derecho, 1987, nº. 510.
650 4 _aCasación civil-
_zEspaña.
_9149475
852 _aES-MaACL
_j2327-F-28
999 _c182762
_d182762